|
|
|
|
| LEADER |
00000cas a2200000 a 4500 |
| 001 |
vtls010201377 |
| 003 |
SK-MaSNL |
| 005 |
20260228163504.0 |
| 008 |
110105d19541989xr er p 0 b0cze c |
| 022 |
|
|
|a 0322-8118
|
| 040 |
|
|
|a SVKPO
|b slo
|c SVKPO
|d SNK
|e AACR2
|
| 041 |
0 |
|
|a cze
|a slo
|
| 044 |
|
|
|a xr
|c CZ
|
| 072 |
|
7 |
|a 329
|x Politické strany a hnutia
|2 konspekt
|
| 080 |
|
|
|a 329.15
|2 2011
|
| 080 |
|
|
|a 32
|2 2011
|
| 080 |
|
|
|a 329(051)
|2 2011
|
| 245 |
0 |
0 |
|a Život strany
|b časopis Ústředního výboru KSČ
|
| 260 |
|
|
|a Praha
|b Rudé právo
|c 1954-1989
|
| 300 |
|
|
|a 36 zv.
|c 27 cm
|
| 310 |
|
|
|a 26x ročne
|
| 362 |
0 |
|
|a Roč. 1, č. 1 (1954)-č. 26 (1989)
|z SK ČR/2010
|
| 500 |
|
|
|a Roč. 1968 príloha: Zpravodaj KSČ
|
| 650 |
0 |
7 |
|a komunistické strany
|2 SNKPH
|9 3597
|
| 650 |
0 |
7 |
|a politika
|2 SNKPH
|9 968
|
| 655 |
|
7 |
|a časopisy politických strán a hnutí
|2 SNKPH
|9 237919
|
| 770 |
0 |
|
|t Zpravodaj KSČ
|
| 775 |
0 |
|
|t Život strany (Slovenské vyd.)
|x 0231-5661
|w vtls008882756
|
| 775 |
0 |
|
|t Pártélét (Praha)
|x 0231-5718
|
| 910 |
|
|
|a snk
|
| 999 |
|
|
|c 9565
|d 11495
|
| 952 |
|
|
|0 0
|1 1
|4 0
|7 0
|a SNK
|b SNK
|d 2000-04-08
|l 0
|o snkČC 367/1989/1
|p 17A0152171
|r 2005-01-02 00:00:00
|w 2026-02-21
|y PREZ
|
| 952 |
|
|
|0 0
|1 1
|4 0
|7 0
|a SNK
|b SNK
|d 2000-04-08
|l 0
|o snkČC 367/1989/2
|p 17A0152173
|r 2005-01-02 00:00:00
|w 2026-02-21
|y PREZ
|
| 952 |
|
|
|0 0
|1 1
|4 0
|7 0
|a SNK
|b SNK
|d 2002-01-15
|i snkČIP 24/85
|l 0
|o snkČC 367/1984/2
|p 17A0327923
|r 2005-01-02 00:00:00
|t č. 14-26
|w 2026-02-21
|y PREZ
|
| 952 |
|
|
|0 0
|1 1
|4 0
|7 0
|a SNK
|b SNK
|d 2000-02-04
|l 0
|o snkČC 367/1986/2
|p 17A0227177
|r 2005-01-02 00:00:00
|w 2026-02-21
|y PREZ
|
| 952 |
|
|
|0 0
|1 1
|4 0
|7 0
|a SNK
|b SNK
|d 2005-04-26
|i snkČIP 1112/86
|l 0
|o snkČC 367/1985/1
|p 17A0466873
|r 2026-02-21 19:41:34
|t č. 1-13
|w 2026-02-21
|y PREZ
|
| 952 |
|
|
|0 0
|1 1
|4 0
|7 0
|a SNK
|b SNK
|d 2010-06-15
|i snkČIP 261/89
|l 0
|o snkČC 367/1988/1
|p 17A0662296
|r 2026-02-21 19:43:27
|t č. 1-13
|w 2026-02-21
|y PREZ
|
| 952 |
|
|
|0 0
|1 1
|4 0
|7 0
|a SNK
|b SNK
|d 2010-06-15
|i snkČIP 263/89
|l 0
|o snkČC 367/1988/2
|p 17A0662295
|r 2026-02-21 19:43:27
|t č. 14-26
|w 2026-02-21
|y PREZ
|
| 952 |
|
|
|0 0
|1 1
|4 0
|7 0
|a SNK
|b SNK
|d 2006-06-28
|i snkČIP 2083/58
|l 0
|o snkČC 367/1957
|p 17A0515451
|r 2026-02-21 20:04:19
|t č. 1-24
|w 2026-02-21
|y PREZ
|
| 952 |
|
|
|0 0
|1 1
|4 0
|7 0
|a SNK
|b SNK
|d 2006-06-28
|l 0
|o snkČC 367/2/1956/2
|p 17A0515464
|r 2026-02-21 20:04:19
|t č. 13-24
|w 2026-02-21
|y PREZ
|
| 952 |
|
|
|0 0
|1 1
|4 0
|7 0
|a SNK
|b SNK
|d 2006-06-28
|i snkČIP 880/57
|l 0
|o snkČC 367/1956
|p 17A0515465
|r 2026-02-21 20:04:19
|t č. 1-14
|w 2026-02-21
|y PREZ
|
| 952 |
|
|
|0 0
|1 1
|4 0
|7 0
|a SNK
|b SNK
|d 2006-06-28
|i snkČIP 981/56
|l 0
|o snkČC 367/1955
|p 17A0515453
|r 2026-02-21 20:04:20
|t č. 1-24
|w 2026-02-21
|y PREZ
|
| 952 |
|
|
|0 0
|1 1
|4 0
|7 0
|a SNK
|b SNK
|d 2006-06-28
|i snkII.1254/55
|l 0
|o snkČC 367/[9a]/1954
|p 17A0515283
|r 2026-02-21 20:04:20
|t č. 1-6
|w 2026-02-21
|y PREZ
|
| 952 |
|
|
|0 0
|1 1
|4 0
|7 0
|a SNK
|b SNK
|d 2006-06-28
|i snkII. 348/55
|l 0
|o snkČC 367/9/1954
|p 17A0515199
|r 2026-02-21 20:04:20
|w 2026-02-21
|y PREZ
|
| 952 |
|
|
|0 0
|1 1
|4 0
|7 0
|a SNK
|b SNK
|d 2002-02-22
|l 0
|o snkČC 367/1974/1
|p 17A0333882
|r 2005-01-01 00:00:00
|t č. 1-13
|w 2026-02-21
|y PREZ
|
| 952 |
|
|
|0 0
|1 1
|3 rekatalogizácia
|4 0
|7 0
|a SNK
|b SNK
|d 2007-03-16
|i snkČIP 25/83
|l 0
|o snkČC 367/1982/1
|p 17A0542133
|r 2026-02-21 20:27:19
|t č. 1-13
|w 2026-02-21
|y PREZ
|
| 952 |
|
|
|0 0
|1 1
|4 0
|7 0
|a SNK
|b SNK
|d 2000-12-12
|l 0
|o snkČC 367/1980/2
|p 17A0262965
|r 2005-01-02 00:00:00
|w 2026-02-21
|y PREZ
|
| 952 |
|
|
|0 0
|1 1
|4 0
|7 0
|a SNK
|b SNK
|d 1996-12-17
|l 0
|o snkČC 367/1968/1
|p 17A0026873
|r 2005-01-01 00:00:00
|w 2026-02-21
|y PREZ
|
| 952 |
|
|
|0 0
|1 1
|4 0
|7 0
|a SNK
|b SNK
|d 2002-02-22
|l 0
|o snkČC 367/1974/2
|p 17A0333878
|r 2005-01-01 00:00:00
|t č. 14-26
|w 2026-02-21
|y PREZ
|